Estudios araucanos. Materiales para el estudio de la lengua, la literatura i las costumbres de los indios mapuche o araucanos. Diálogos en cuatro dialectos. Cuentos populares, narraciones históricas i descriptivas i cantos de los indios de Chile en lengua mapuche, con traducción literal castellana. Por el Dr. Rodolfo Lenz, Profesor del Instituto Pedagógico de Chile. Publicado en los Anales de la Universidad de Chile, Tomo XCVII

Gespeichert in:
Bibliographische Detailangaben
1. Verfasser: Lenz, Rodolfo (VerfasserIn)
Format: Buch
Sprache:Mapuche
Spanisch
Veröffentlicht: Santiago Imprenta Cervantes 1895
Ausgabe:1a. ed
Schlagworte:
Tags: Tag hinzufügen
Keine Tags, Fügen Sie den ersten Tag hinzu!

MARC

LEADER 00000nam a2200000 a 4500
001 UCJ6407
003 CL-VaPUC
008 070124e18950000CL |||||||||||||||||arn|d
041 0 7 |a arn  |2 CL-VaPUC 
041 0 7 |a spa  |2 CL-VaPUC 
082 0 4 |a 460  |b LEN  |2 21 
100 |a Lenz, Rodolfo  |e author  |9 477713 
245 1 0 |a Estudios araucanos. Materiales para el estudio de la lengua, la literatura i las costumbres de los indios mapuche o araucanos. Diálogos en cuatro dialectos. Cuentos populares, narraciones históricas i descriptivas i cantos de los indios de Chile en lengua mapuche, con traducción literal castellana. Por el Dr. Rodolfo Lenz, Profesor del Instituto Pedagógico de Chile. Publicado en los Anales de la Universidad de Chile, Tomo XCVII 
250 |a 1a. ed 
300 |a 485 p 
942 |c BK 
945 |d 20070124 00:00:00  |a rinostro 
260 |a Santiago  |b Imprenta Cervantes  |c 1895 
600 0 7 |a AMASA, JUAN  |2 CL-VaPUC  |9 513022 
600 0 7 |a FEBRES, ANDRES  |2 CL-VaPUC  |9 443669 
600 0 7 |a HAVESTADT, BERNARDO  |2 CL-VaPUC  |9 505298 
650 7 |a LENGUA ARAUCANA  |2 CL-VaPUC  |9 506597 
650 0 |a Mapuche   |9 344248 
650 0 |a Araucanos  |9 314060 
650 0 |a Etnografía   |9 309735 
650 0 |a Literatura  |9 259151 
650 7 |a TRADICIONES  |2 CL-VaPUC  |9 367367 
650 0 |a Cuentos  |9 308079 
650 7 |a DIALECTOS ARAUCANOS  |2 CL-VaPUC  |9 513023 
650 0 |a Poesía   |9 265825 
650 7 |a CANTOS  |2 CL-VaPUC  |9 399219 
583 |a last modification  |c 20070124 00:00:00  |k Rodrigo Vera 
999 |c 322512  |d 322510 
952 |0 0  |1 0  |4 0  |6 460_000000000000000_LEN_1895  |7 0  |8 X  |9 401518  |a FDOBUD  |b FDOBUD  |d 2019-11-22  |i 1047671  |o 460 LEN 1895  |p 1047671  |r 2019-11-22  |w 2019-11-22  |y BK_X  |k BUD